Anuario español de derecho internacional
| Previous Title: | Anuario de derecho internacional |
|---|---|
| Corporate Author: | |
| Format: | Electronic Serial |
| Language: | English Spanish French |
| Published: |
Pamplona, Spain :
Servico de Publicaciones de la Universidad de Navarra,
[2007?]-
|
| Subjects: | |
| Online Access: | Full text available from Research Library: 01/01/2010 to 1 year ago |
MARC
| LEADER | 00000nas a2200000 a 4500 | ||
|---|---|---|---|
| 001 | ssj0000393876 | ||
| 003 | WaSeSS | ||
| 005 | 20200512172242.0 | ||
| 006 | m d | ||
| 007 | cr n | ||
| 008 | 070829c20069999sp ar s g 0 b0eng d | ||
| 010 | |a 2007208845 | ||
| 022 | |l 2173-3775 |y 2173-3775 | ||
| 035 | |a (WaSeSS)ssj0000393876 | ||
| 040 | |a GUL |b eng |c DLC |d GUL |d YLS |d NLGGC |d BNM |d OCLCF |d CUS |d OCLCQ |d BUF |d OCLCA |d CRU |d RDF |d IBC |d UAB |d OCLCQ |d WaSeSS | ||
| 041 | 0 | |a spa |a eng |a fre | |
| 042 | |a lccopycat | ||
| 043 | |a e-sp--- | ||
| 050 | 0 | 0 | |a K1 |b .N91547 |
| 084 | |a 86.80 |2 bcl | ||
| 245 | 0 | 0 | |a Anuario español de derecho internacional |h [electronic resource] / |c Departamento de Derecho Internacional Público, Facultad de Derecho, Universidad de Navarra. |
| 246 | 1 | |a AEDI | |
| 260 | |a Pamplona, Spain : |b Servico de Publicaciones de la Universidad de Navarra, |c [2007?]- | ||
| 310 | |a Annual | ||
| 362 | 0 | |a Vol. 22 (2006)- | |
| 506 | |a License restrictions may limit access. | ||
| 546 | |a Chiefly Spanish, with some articles in English and French. | ||
| 650 | 0 | |a International law |z Spain |v Periodicals. | |
| 650 | 0 | |a Conflict of laws |z Spain |v Periodicals. | |
| 650 | 7 | |a Derecho internacional |z España. |2 embne | |
| 650 | 7 | |a Conflict of laws. |2 fast |0 (OCoLC)fst00874831 | |
| 650 | 7 | |a International law. |2 fast |0 (OCoLC)fst00976984 | |
| 650 | 1 | 7 | |a Internationaal recht. |2 gtt |
| 651 | 7 | |a Spain. |2 fast |0 (OCoLC)fst01204303 | |
| 655 | 0 | |a Electronic journals. | |
| 710 | 2 | |a Universidad de Navarra. |b Departamento de Derecho Internacional Público. | |
| 780 | 0 | 0 | |t Anuario de derecho internacional |x 0212-0747 |w (DLC) 76647883 |w (OCoLC)2635904 |
| 850 | |a DLC |a NNU-L | ||
| 856 | 4 | 0 | |z Full text available from Research Library: 01/01/2010 to 1 year ago |u https://search.proquest.com/publication/1216380 |